=LDR 00000nam 2200000 4500 =001 INLIS000000000021645 =005 20201105092615 =035 ##$$a 0010-061300000021645 =008 201105################g##########0#ind## =041 ##$$a Ind =082 ##$$a 320.959 8 =090 ##$$a 320.959 8, Lat m =100 ##$$a Latif, Yudi =245 1#$$a Masa lalu yang membunuh masa depan, krisis agama pengetahuan, dan kekuasaan dalam kebudayaan teknokratis, /$c Yudi Latif =260 ##$$a Jakarta :$b Mizan,$c 1999 =300 ##$$a 279 hlm, ; $c 14 x 21 cm =650 #4$$a Politik =850 ##$$a NBPNMAT =020 ##$$a 979-433-208-9 =084 ##$$a 320.959 8 LAT m =250 ##$$a cet.1 =990 ##$$a 142.947/Pro.99 =990 ##$$a 1199900513